000 00553nab a2200217 a 4500
001 23848
003 78319
005 20201118100353.0
008 ||||||n9999 ||| || ||
041 _aspa
245 0 _aOrinoquia colombiana. En marcha hacia el siglo XXI
260 _aBogotá :
_bRetina,
_c1993.
300 _app. 17-24
562 _e0
650 _aANÁLISIS ECONÓMICO
650 _aDESARROLLO REGIONAL
650 _aPLANES DE DESARROLLO
650 _aREGIONES
773 _023844
_aSintesis Economica - No.885
942 _cSART
999 _c23848
_d23848